000 00421nam a2200169Ia 4500
008 230711s9999||||xx |||||||||||||| ||und||
020 _a978-93-81-68-58-8
041 _aENG
082 _a5.73
_bSA-D
100 _aSalaria,R.S
245 0 _aData structures and algorithms using C
250 _a5th Ed.
260 _c2012
_aNew Delhi
_bKhanna Publishers
300 _a516
650 _aComputer Engineering
942 _cBK
999 _c5528
_d5528